Snakes slither and hiss / (Record no. 3973)

MARC details
000 -LEADER
fixed length control field 01132cam a22003737a 4500
001 - CONTROL NUMBER
control field 3973
003 - CONTROL NUMBER IDENTIFIER
control field FISKH
005 - DATE AND TIME OF LATEST TRANSACTION
control field 20240528155951.0
008 - FIXED-LENGTH DATA ELEMENTS--GENERAL INFORMATION
fixed length control field 080610s2008 nyua b 001 0 eng
010 ## - LIBRARY OF CONGRESS CONTROL NUMBER
LC control number 2008299344
020 ## - INTERNATIONAL STANDARD BOOK NUMBER
International Standard Book Number 9780756637484 (hbk.)
020 ## - INTERNATIONAL STANDARD BOOK NUMBER
International Standard Book Number 9780756637491
020 ## - INTERNATIONAL STANDARD BOOK NUMBER
International Standard Book Number 0756637481
035 ## - SYSTEM CONTROL NUMBER
System control number (OCoLC)ocn229475826
040 ## - CATALOGING SOURCE
Original cataloging agency Q2Z
Transcribing agency Q2Z
Modifying agency DLC
Language of cataloging eng
042 ## - AUTHENTICATION CODE
Authentication code lccopycat
050 00 - LIBRARY OF CONGRESS CALL NUMBER
Classification number QL666.O6
Item number L749 2008
082 04 - DEWEY DECIMAL CLASSIFICATION NUMBER
Classification number 597.96
Edition number 22
100 1# - MAIN ENTRY--PERSONAL NAME
Personal name Lock, Fiona.
245 10 - TITLE STATEMENT
Title Snakes slither and hiss /
Statement of responsibility, etc. [written by Fiona Lock].
260 ## - PUBLICATION, DISTRIBUTION, ETC.
Place of publication, distribution, etc. New York :
Name of publisher, distributor, etc. DK Publishing,
Date of publication, distribution, etc. 2008.
300 ## - PHYSICAL DESCRIPTION
Extent 32 pages :
Other physical details color illustrations ;
Dimensions 23 cm
490 1# - SERIES STATEMENT
Series statement DK readers. Pre-Level 1, Learning to read
500 ## - GENERAL NOTE
General note Includes index.
505 ## - FORMATTED CONTENTS NOTE
Formatted contents note J<br/>
520 ## - SUMMARY, ETC.
Summary, etc. Introduces readers to a number of different species of snakes, their appearances, and behavior patterns.
521 8# - TARGET AUDIENCE NOTE
Target audience note 500 <br/>
Source Lexile <br/>
521 8# - TARGET AUDIENCE NOTE
Target audience note J <br/>
Source Raz-Plus <br/>
650 #0 - SUBJECT ADDED ENTRY--TOPICAL TERM
Topical term or geographic name entry element Snakes
Form subdivision Juvenile literature.
650 #1 - SUBJECT ADDED ENTRY--TOPICAL TERM
Topical term or geographic name entry element Snakes.
906 ## - LOCAL DATA ELEMENT F, LDF (RLIN)
a 7
b cbc
c copycat
d 2
e ncip
f 20
g y-gencatlg
942 ## - ADDED ENTRY ELEMENTS (KOHA)
Source of classification or shelving scheme Dewey Decimal Classification
Koha item type Books
Suppress in OPAC No
Holdings
Withdrawn status Lost status Source of classification or shelving scheme Damaged status Not for loan Collection Home library Current library Shelving location Date acquired Total Checkouts Full call number Barcode Date last seen Date last checked out Price effective from Koha item type
    Dewey Decimal Classification     Non-Fiction Footprints International School Library Network Toul Kork Campus Footprints International School Library Network Toul Kork Campus TK Primary Library Room(4th Floor), Bookcase 1&2, Shelves 1-16, Dark Blue Books 05/28/2024 1 FIO 597.96 QL666.O6 FISTK01375 07/18/2025 07/15/2025 05/28/2024 Books